000 00524nam a2200169 4500
001 107225
003 ES-MaACL
005 20230906184354.0
007 t|
008 061121s1972 sp r ||||1| spa d
100 1 _aMorison, J. Edgar.
_983579
245 1 0 _aPatología fetal y neonatal /
_cJ. Edgar Morison ; versión de A. Garrido Juan.
260 _aBarcelona :
_bEditorial Pediátrica,
_c1972.
300 _aXII, 736 p. :
_bil. ;
_c25 cm.
700 1 _aGarrido Juan, A.
_955707
852 _aES-MaACL
_jC-43994
_bR.83403
999 _c107225
_d107225